[Event "Bronshoj Efteraarsturnering "]
[Site "Copenhagen"]
[Date "????.??.??"]
[Round "5"]
[White "Christensen, Esben"]
[Black "Fredericia, Louise Winther"]
[Result "1/2-1/2"]
[WhiteElo "2076"]
[BlackElo "2033"]
[PlyCount "53"]
[EventDate "2014.??.??"]
[EventCountry "DEN"]

1. e4 c6 2. Nf3 d5 3. Nc3 Bg4 4. h3 Bxf3 5. Qxf3 e6 6. d4 dxe4 7. Nxe4 Qxd4 8.
Bd3 Nd7 9. c3 Qd5 10. Qe2 Ngf6 11. O-O Ne5 12. Nxf6+ gxf6 13. Rd1 O-O-O 14. Bc2
Qc4 15. Rxd8+ Kxd8 16. Qd1+ Qd5 17. Be3 Qxd1+ 18. Rxd1+ Kc7 19. b4 b6 20. Bb3
Ng6 21. g3 Be7 22. h4 Rd8 23. h5 Rxd1+ 24. Bxd1 Ne5 25. h6 Bd6 26. Kg2 Kd7 27.
Be2 1/2-1/2

[Event "Bronshoj Efteraarsturnering "]
[Site "Copenhagen"]
[Date "????.??.??"]
[Round "3"]
[White "Christensen, Esben"]
[Black "Brondt, Nicolai Kvist"]
[Result "1-0"]
[WhiteElo "2076"]
[BlackElo "2217"]
[PlyCount "85"]
[EventDate "2014.??.??"]
[EventCountry "DEN"]

1. e4 c6 2. Nf3 d5 3. Nc3 a6 4. d4 Bg4 5. Bd3 e6 6. O-O Nf6 7. Re1 Bb4 8. a3
Bxc3 9. bxc3 dxe4 10. Bxe4 Nxe4 11. Rxe4 Bf5 12. Re1 Nd7 13. c4 b5 14. d5 cxd5
15. cxd5 O-O 16. Bg5 Nf6 17. Nh4 Qxd5 18. Bxf6 Qxd1 19. Raxd1 gxf6 20. Nxf5
exf5 21. Rd5 Rfe8 22. Kf1 Kg7 23. Rxf5 Rec8 24. Re3 Rxc2 25. Rg3+ Kf8 26. Rxf6
Rd8 27. Re3 Rd1+ 28. Re1 Rdd2 29. g3 a5 30. Re5 Rb2 31. Ref5 Rd7 32. Rb6 b4 33.
axb4 axb4 34. Kg2 Rb1 35. Rfb5 Rd4 36. Rb7 b3 37. Rf5 b2 38. Rfxf7+ Kg8 39.
Rg7+ Kh8 40. Rxh7+ Kg8 41. Rhc7 Rd8 42. Rc2 Rc1 43. Rbxb2 1-0

[Event "Bronshoj Efteraarsturnering "]
[Site "Copenhagen"]
[Date "????.??.??"]
[Round "3"]
[White "Sorensen, Dick"]
[Black "Moller, Arne Vagn"]
[Result "1/2-1/2"]
[WhiteElo "1982"]
[BlackElo "1871"]
[PlyCount "64"]
[EventDate "2014.??.??"]
[EventCountry "DEN"]

1. e4 c5 2. Nc3 d6 3. f4 e6 4. Nf3 g6 5. Bb5+ Bd7 6. Bxd7+ Nxd7 7. O-O Bg7 8.
d3 Ne7 9. Ne2 O-O 10. c3 Rc8 11. Be3 a6 12. Qd2 Nf6 13. h3 Qd7 14. Ng3 Ne8 15.
d4 c4 16. Rae1 b5 17. Kh1 Kh8 18. Qc2 a5 19. f5 exf5 20. exf5 Nd5 21. Bc1 Nef6
22. Ng5 Rce8 23. b3 Rxe1 24. Rxe1 Re8 25. Rxe8+ Qxe8 26. bxc4 bxc4 27. fxg6
fxg6 28. N3e4 h6 29. Nxf6 Qe1+ 30. Kh2 Bxf6 31. Ne4 Ne3 32. Bxe3 Qxe3 1/2-1/2

[Event "Bronshoj Efteraarsturnering "]
[Site "Copenhagen"]
[Date "????.??.??"]
[Round "1"]
[White "Sorensen, Dick"]
[Black "Andreassen, Mikkel"]
[Result "0-1"]
[WhiteElo "1982"]
[BlackElo "1937"]
[PlyCount "90"]
[EventDate "2014.??.??"]
[EventCountry "DEN"]

1. d4 d5 2. c4 c6 3. Nc3 Nf6 4. e3 e6 5. f4 Nbd7 6. cxd5 exd5 7. Nf3 Bd6 8. Bd3
O-O 9. O-O c5 10. Kh1 cxd4 11. exd4 Re8 12. Ne5 Nb6 13. Qf3 Bd7 14. Bd2 Rc8 15.
Rae1 Bc6 16. Bc1 Nc4 17. Re2 Qb6 18. b3 Bb4 19. bxc4 Bxc3 20. Nxc6 Qxc6 21.
cxd5 Qxd5 22. Rxe8+ Rxe8 23. Bxh7+ Kxh7 24. Qxc3 Qxa2 25. Re1 Rxe1+ 26. Qxe1
Qd5 27. Qe5 a5 28. h3 b5 29. f5 b4 30. Qf4 a4 31. Kh2 a3 32. g4 Ne4 33. Qe3 Nc3
34. Bxa3 Qa2+ 35. Kg1 Qxa3 36. g5 Qc1+ 37. Qxc1 Ne2+ 38. Kf2 Nxc1 39. Ke3 b3
40. Kd2 b2 41. Kc2 Nb3 42. d5 Nd4+ 43. Kxb2 Nxf5 44. Kc3 Kg6 45. h4 Kh5 0-1

[Event "Bronshoj Efteraarsturnering "]
[Site "Copenhagen"]
[Date "????.??.??"]
[Round "4"]
[White "Sorensen, Dick"]
[Black "Jensen, Soren Holm"]
[Result "1-0"]
[WhiteElo "1982"]
[BlackElo "1974"]
[PlyCount "93"]
[EventDate "2014.??.??"]
[EventCountry "DEN"]

1. d4 d5 2. c4 e6 3. Nc3 Nf6 4. Nf3 Be7 5. cxd5 exd5 6. Bf4 c6 7. Qc2 g6 8. e3
Bf5 9. Bd3 Bxd3 10. Qxd3 Nbd7 11. O-O O-O 12. h3 Re8 13. Nd2 Nb6 14. Rae1 Nh5
15. Bh2 f5 16. g4 fxg4 17. hxg4 Nf6 18. f3 Bf8 19. Bf4 Bg7 20. Ne2 Qd7 21. Ng3
Rf8 22. Nb3 Rae8 23. Nc5 Qc8 24. Kg2 Nbd7 25. b4 b6 26. Nb3 b5 27. Bd6 Rf7 28.
g5 Nh5 29. Nxh5 gxh5 30. Rh1 Re6 31. Bc5 Nxc5 32. Nxc5 Rg6 33. Rxh5 Qf5 34.
Qxf5 Rxf5 35. Kf2 Rfxg5 36. Rxg5 Rxg5 37. Ne6 Rg6 38. Nxg7 Kxg7 39. Rg1 Kf6 40.
Rxg6+ hxg6 41. Kg3 Kf5 42. Kh4 Kf6 43. Kg4 g5 44. e4 dxe4 45. fxe4 Kg6 46. e5
Kh6 47. Kf5 1-0

[Event "Bronshoj Efteraarsturnering "]
[Site "Copenhagen"]
[Date "????.??.??"]
[Round "3"]
[White "Nielsen, John Holm"]
[Black "Andreassen, Mikkel"]
[Result "1-0"]
[WhiteElo "2022"]
[BlackElo "1937"]
[PlyCount "95"]
[EventDate "2014.??.??"]
[EventCountry "DEN"]

1. Nc3 d5 2. e4 d4 3. Nce2 Nc6 4. Ng3 e5 5. Bc4 Nf6 6. Nf3 Be7 7. O-O Bg4 8. h3
Bxf3 9. Qxf3 g6 10. a3 O-O 11. d3 Qd6 12. Bh6 Rfe8 13. Nf5 gxf5 14. Qg3+ Ng4
15. Bd2 Kh8 16. hxg4 f4 17. Qh3 Qg6 18. f3 Nd8 19. Kf2 Kg7 20. Rh1 a5 21. Rh2
Bg5 22. Rah1 h6 23. Ke2 Ne6 24. Be1 c6 25. Bh4 Rh8 26. a4 Bxh4 27. Qxh4 Ng5 28.
Qe1 b5 29. axb5 cxb5 30. Bd5 Rac8 31. Qd2 b4 32. Ra1 Qb6 33. b3 Rc5 34. Bc4
Rhc8 35. Rah1 R5c6 36. Rh5 Rg6 37. Qe1 Rh8 38. Qa1 Qc5 39. Qa4 Rd6 40. Rxg5+
hxg5 41. Rxh8 Kxh8 42. Qe8+ Kh7 43. Qxf7+ Kh6 44. Qf8+ Kg6 45. Bf7+ Kf6 46.
Bg8+ Kg6 47. Qf7+ Kh6 48. Qh7# 1-0

[Event "Bronshoj Efteraarsturnering "]
[Site "Copenhagen"]
[Date "????.??.??"]
[Round "5"]
[White "Nielsen, John Holm"]
[Black "Sorensen, Dick"]
[Result "1/2-1/2"]
[WhiteElo "2022"]
[BlackElo "1982"]
[PlyCount "44"]
[EventDate "2014.??.??"]
[EventCountry "DEN"]

1. Nc3 d5 2. e4 c6 3. g3 d4 4. Nce2 e5 5. d3 Be6 6. Nf3 f6 7. Bg2 Bd6 8. O-O
Ne7 9. c3 c5 10. Bd2 O-O 11. c4 Nbc6 12. a3 Qd7 13. Ne1 Bh3 14. Nc2 Bxg2 15.
Kxg2 f5 16. f3 fxe4 17. fxe4 Rxf1 18. Qxf1 Rf8 19. Qe1 Qg4 20. Ng1 Ng6 21. Kh1
a6 22. Qe2 Qxe2 1/2-1/2

[Event "Bronshoj Efteraarsturnering "]
[Site "Copenhagen"]
[Date "????.??.??"]
[Round "2"]
[White "Moller, Arne Vagn"]
[Black "Nielsen, John Holm"]
[Result "1/2-1/2"]
[WhiteElo "1871"]
[BlackElo "2022"]
[PlyCount "47"]
[EventDate "2014.??.??"]
[EventCountry "DEN"]

1. e4 e5 2. Nf3 Nc6 3. Bb5 a6 4. Ba4 Nf6 5. O-O Be7 6. Bxc6 dxc6 7. Qe1 Qd6 8.
b3 Bg4 9. Bb2 Bxf3 10. gxf3 Nh5 11. Kh1 Bg5 12. d3 Qf6 13. Qd1 Bf4 14. Rg1
O-O-O 15. Nc3 Qh4 16. Rg2 Rd6 17. Ne2 Rh6 18. Qg1 Rg6 19. Rxg6 hxg6 20. Qg4+
Qxg4 21. fxg4 Nf6 22. Nxf4 exf4 23. Bxf6 gxf6 24. f3 1/2-1/2

[Event "Bronshoj Efteraarsturnering "]
[Site "Copenhagen"]
[Date "????.??.??"]
[Round "4"]
[White "Moller, Arne Vagn"]
[Black "Andreassen, Mikkel"]
[Result "1-0"]
[WhiteElo "1871"]
[BlackElo "1937"]
[PlyCount "125"]
[EventDate "2014.??.??"]
[EventCountry "DEN"]

1. e4 e5 2. Nf3 Nc6 3. Bb5 a6 4. Ba4 Nf6 5. O-O Nxe4 6. d4 b5 7. Bb3 d5 8. dxe5
Be6 9. c3 Nc5 10. Bg5 Be7 11. Bxe7 Nxe7 12. Bc2 Bg4 13. Qd4 Bxf3 14. Qxc5 Bg4
15. h3 Be6 16. f4 Qd7 17. Kh2 h5 18. Nd2 Bf5 19. Bxf5 Nxf5 20. Nf3 Rd8 21. Ng5
Rh6 22. Rfe1 Rc6 23. Qf2 Kf8 24. Rad1 Qe7 25. Qf3 g6 26. Rxd5 Rxd5 27. Qxd5 Rc4
28. Qd2 Kg7 29. b3 Rc6 30. Re4 Rb6 31. c4 Rb8 32. cxb5 axb5 33. Qd5 c5 34. Qc6
Nd4 35. Qd6 Qxd6 36. exd6 Rd8 37. Re7 Rxd6 38. Rxf7+ Kg8 39. Rc7 Rc6 40. Rxc6
Nxc6 41. Ne4 c4 42. bxc4 bxc4 43. Nc3 Kf7 44. Kg3 Ke6 45. Kf3 Kd6 46. Ke3 Kc5
47. a3 Nd4 48. Nb1 Kd5 49. g4 h4 50. Nc3+ Kc5 51. Ke4 Nc2 52. f5 gxf5+ 53. gxf5
Nxa3 54. f6 Kd6 55. Kf5 Nc2 56. Kg6 Nd4 57. Nb5+ Ke5 58. Nxd4 Kxd4 59. f7 c3
60. f8=Q c2 61. Qc8 Kd3 62. Kg5 Kd2 63. Kxh4 1-0

[Event "Bronshoj Efteraarsturnering "]
[Site "Copenhagen"]
[Date "????.??.??"]
[Round "1"]
[White "Tandrup, Michael"]
[Black "Moller, Arne Vagn"]
[Result "1/2-1/2"]
[WhiteElo "1974"]
[BlackElo "1871"]
[PlyCount "105"]
[EventDate "2014.??.??"]
[EventCountry "DEN"]

1. c4 c5 2. g3 g6 3. Bg2 Bg7 4. Nc3 Nc6 5. d3 Nf6 6. e4 O-O 7. Nge2 d6 8. O-O
a6 9. h3 e6 10. Be3 Rb8 11. a4 b6 12. f4 Bb7 13. f5 Ne7 14. fxe6 fxe6 15. Qd2
e5 16. Nd5 Nexd5 17. exd5 Bc8 18. Nc3 Bd7 19. Bg5 Qc7 20. Kh2 Rf7 21. Bxf6 Bxf6
22. Ne4 Rbf8 23. b3 Bf5 24. h4 a5 25. Rae1 Qe7 26. Nxf6+ Rxf6 27. Kg1 Qg7 28.
Be4 Bg4 29. Qg5 Bh3 30. Bg2 h6 31. Qe3 Bg4 32. Rxf6 Rxf6 33. Be4 h5 34. Rf1 Qf7
35. Rxf6 Qxf6 36. Kg2 Kg7 37. Qd2 Bd7 38. Qe3 Bg4 39. Qe1 g5 40. hxg5 Qxg5 41.
Bf3 Bf5 42. Be4 Bg4 43. Bf3 Bxf3+ 44. Kxf3 Qg4+ 45. Ke3 Kg6 46. Kd2 Qd4 47. Qf1
e4 48. Qe2 Qxd3+ 49. Qxd3 exd3 50. Kxd3 Kf5 51. Ke3 Kg4 52. Kf2 Kf5 53. Kf3
1/2-1/2

[Event "Bronshoj Efteraarsturnering "]
[Site "Copenhagen"]
[Date "????.??.??"]
[Round "2"]
[White "Tandrup, Michael"]
[Black "Sorensen, Dick"]
[Result "0-1"]
[WhiteElo "1974"]
[BlackElo "1982"]
[PlyCount "74"]
[EventDate "2014.??.??"]
[EventCountry "DEN"]

1. e4 c5 2. Nc3 e6 3. g3 Nc6 4. Bg2 Nf6 5. d3 d5 6. Bg5 d4 7. Nce2 e5 8. f4
Qa5+ 9. Qd2 Qxd2+ 10. Kxd2 Ng4 11. Rf1 f6 12. Bh4 Ne3 13. Rf2 Bd6 14. a3 O-O
15. f5 Ng4 16. Rf3 g5 17. fxg6 hxg6 18. h3 Ne3 19. g4 g5 20. Rf2 gxh4 21. Nf3
b5 22. Nxh4 Ne7 23. Ng3 Rb8 24. Nh5 c4 25. Nxf6+ Kh8 26. g5 b4 27. a4 c3+ 28.
Kc1 b3 29. bxc3 bxc2 30. Kd2 dxc3+ 31. Ke2 Rb1 32. g6 Rxf6 33. Rxf6 Rxh1 34.
Rf8+ Ng8 35. Rxc8 c1=Q 36. Bxh1 Qd2+ 37. Kf3 c2 0-1

[Event "Bronshoj Efteraarsturnering "]
[Site "Copenhagen"]
[Date "????.??.??"]
[Round "4"]
[White "Tandrup, Michael"]
[Black "Nielsen, John Holm"]
[Result "1/2-1/2"]
[WhiteElo "1974"]
[BlackElo "2022"]
[PlyCount "91"]
[EventDate "2014.??.??"]
[EventCountry "DEN"]

1. d4 d5 2. Nf3 Nf6 3. e3 e6 4. c4 c6 5. Nc3 Nbd7 6. Bd3 Bd6 7. O-O O-O 8. b3
dxc4 9. bxc4 e5 10. Bb2 Re8 11. Qc2 exd4 12. exd4 Nf8 13. h3 Qc7 14. Rfe1 Bd7
15. Ng5 Rxe1+ 16. Rxe1 Re8 17. Rxe8 Bxe8 18. Nge4 Nxe4 19. Nxe4 Bf4 20. Qe2 Bd7
21. Nc5 b6 22. Nxd7 Qxd7 23. Qf3 Bc7 24. Be4 Qe6 25. d5 cxd5 26. cxd5 Qd6 27.
Qc3 f6 28. Ba3 Qe5 29. Qxe5 Bxe5 30. Bxf8 Kxf8 31. Bxh7 Ke7 32. Kf1 Kd6 33. Bg8
Kc5 34. Ke2 b5 35. Kd3 a5 36. Bf7 b4 37. Kc2 a4 38. Be8 b3+ 39. axb3 axb3+ 40.
Kxb3 Kxd5 41. Kc2 Bd4 42. f3 Bf2 43. Kd3 Ke5 44. Ke2 Bg3 45. Bg6 Kf4 46. Kf1
1/2-1/2

[Event "Bronshoj Efteraarsturnering "]
[Site "Copenhagen"]
[Date "????.??.??"]
[Round "1"]
[White "Jensen, Soren Holm"]
[Black "Nielsen, John Holm"]
[Result "1/2-1/2"]
[WhiteElo "1974"]
[BlackElo "2022"]
[PlyCount "91"]
[EventDate "2014.??.??"]
[EventCountry "DEN"]

1. e4 e5 2. Nf3 Nc6 3. Bb5 a6 4. Ba4 Nf6 5. O-O Be7 6. Bxc6 dxc6 7. d3 Bg4 8.
h3 Bxf3 9. Qxf3 Qd7 10. Nd2 O-O-O 11. Nc4 Qe6 12. Bd2 h6 13. Bc3 Bd6 14. Rae1
Nd7 15. Qf5 Qxf5 16. exf5 f6 17. d4 exd4 18. Bxd4 Rhe8 19. Ne3 Re4 20. Bc3 Rde8
21. Nc4 Rxe1 22. Rxe1 Rxe1+ 23. Bxe1 Ne5 24. Nxe5 Bxe5 25. c3 Kd7 26. g3 c5 27.
Kg2 c4 28. Kf3 c5 29. Ke4 Kc6 30. g4 b5 31. h4 Bd6 32. Bd2 Be7 33. Bf4 Bd6 34.
Be3 Be7 35. f3 Bd8 36. g5 hxg5 37. hxg5 fxg5 38. Ke5 Bf6+ 39. Ke6 b4 40. Bd2 a5
41. Be1 a4 42. a3 b3 43. Bd2 Bd8 44. Be1 Bf6 45. Bd2 Bd8 46. Be1 1/2-1/2

[Event "Bronshoj Efteraarsturnering "]
[Site "Copenhagen"]
[Date "????.??.??"]
[Round "5"]
[White "Jensen, Soren Holm"]
[Black "Moller, Arne Vagn"]
[Result "1-0"]
[WhiteElo "1974"]
[BlackElo "1871"]
[PlyCount "141"]
[EventDate "2014.??.??"]
[EventCountry "DEN"]

1. e4 c5 2. Nf3 d6 3. d4 cxd4 4. Qxd4 Nc6 5. Bb5 Bd7 6. Bxc6 Bxc6 7. Nc3 Nf6 8.
Bg5 Qc7 9. O-O e5 10. Qd3 Be7 11. Rad1 Rd8 12. Bxf6 Bxf6 13. Nd2 O-O 14. Nc4
Be7 15. Ne3 Rfe8 16. Ncd5 Bxd5 17. Nxd5 Qc6 18. Qb3 Rc8 19. c3 Bf8 20. Rd3 Re6
21. g3 b6 22. Rfd1 Rh6 23. Qc2 Qc4 24. Qe2 Qxa2 25. Ne3 Qc4 26. Nf5 Re6 27. Qf3
Rf6 28. Qe3 g6 29. Nxd6 Bxd6 30. Rxd6 Rxd6 31. Rxd6 Qa4 32. Kg2 Qb5 33. Qd2 Qc4
34. f3 Kg7 35. g4 Rc6 36. Rd5 Re6 37. Kf2 a5 38. g5 Qc8 39. Qd3 h6 40. gxh6+
Kxh6 41. Rd8 Qc5+ 42. Kg2 Kg7 43. Qd2 Qe7 44. Rd7 Qh4 45. Rd5 g5 46. Qf2 Kg6
47. Qxh4 gxh4 48. b3 Kg5 49. Rd8 Rh6 50. Rd7 Rc6 51. c4 Rf6 52. Rd8 Rh6 53.
Rg8+ Kf4 54. Kf2 f5 55. Rf8 Rh5 56. Rf6 Rg5 57. h3 Rh5 58. exf5 e4 59. fxe4
Kxe4 60. Re6+ Kd4 61. f6 Rf5+ 62. Ke2 b5 63. Rd6+ Kc3 64. Rd5 Rxf6 65. Rxb5 a4
66. bxa4 Kxc4 67. Rg5 Rh6 68. Kf3 Kb4 69. a5 Rf6+ 70. Kg4 Rh6 71. Rf5 1-0

[Event "Bronshoj Efteraarsturnering "]
[Site "Copenhagen"]
[Date "????.??.??"]
[Round "3"]
[White "Jensen, Soren Holm"]
[Black "Tandrup, Michael"]
[Result "1/2-1/2"]
[WhiteElo "1974"]
[BlackElo "1974"]
[PlyCount "95"]
[EventDate "2014.??.??"]
[EventCountry "DEN"]

1. e4 e6 2. d4 d5 3. Nd2 dxe4 4. Nxe4 Be7 5. Nf3 Nf6 6. Bd3 Nbd7 7. O-O b6 8.
Re1 Bb7 9. Bg5 O-O 10. Qe2 Nxe4 11. Bxe7 Qxe7 12. Bxe4 Bxe4 13. Qxe4 Qd6 14.
Rad1 Nf6 15. Qe5 Rfd8 16. c4 Rac8 17. Rd2 Kf8 18. Red1 Qxe5 19. dxe5 Rxd2 20.
Rxd2 Ne4 21. Rd4 Nc5 22. Kf1 Ke7 23. b3 h6 24. Ke2 Nd7 25. h4 Nb8 26. h5 Nc6
27. Rg4 Kf8 28. Re4 Rd8 29. a3 a5 30. g4 Ke7 31. Re3 Nd4+ 32. Nxd4 Rxd4 33. f3
c5 34. Rd3 Rxd3 35. Kxd3 Kd7 36. Ke4 Ke7 37. f4 Ke8 38. g5 Ke7 39. Kf3 Ke8 40.
Ke3 Kd7 41. Ke4 Ke7 42. Kf3 Kf8 43. Kg4 Ke7 44. gxh6 gxh6 45. f5 Kd7 46. Kf4
Kc6 47. a4 Kd7 48. f6 1/2-1/2

[Event "Bronshoj Efteraarsturnering "]
[Site "Copenhagen"]
[Date "????.??.??"]
[Round "1"]
[White "Henrichsen, Jens"]
[Black "Christensen, Esben"]
[Result "1-0"]
[WhiteElo "1982"]
[BlackElo "2076"]
[PlyCount "57"]
[EventDate "2014.??.??"]
[EventCountry "DEN"]

1. d4 Nf6 2. c4 c5 3. d5 b5 4. cxb5 a6 5. bxa6 g6 6. Nc3 Bxa6 7. e4 Bxf1 8.
Kxf1 d6 9. g3 Bg7 10. Kg2 Nbd7 11. Nf3 O-O 12. h3 Ra6 13. Re1 Qa8 14. Re2 Rb8
15. Qc2 e6 16. dxe6 fxe6 17. Bf4 Nh5 18. Bg5 d5 19. exd5 exd5 20. Re7 Nhf6 21.
a3 d4 22. Nb5 Rf8 23. Nc7 Qd8 24. Rxg7+ Kxg7 25. Nxa6 Qa8 26. Nxc5 Nxc5 27.
Qxc5 Qxf3+ 28. Kxf3 Nd7+ 29. Qxf8+ 1-0

[Event "Bronshoj Efteraarsturnering "]
[Site "Copenhagen"]
[Date "????.??.??"]
[Round "5"]
[White "Henrichsen, Jens"]
[Black "Andersen, Rune Egede"]
[Result "0-1"]
[WhiteElo "1982"]
[BlackElo "2107"]
[PlyCount "64"]
[EventDate "2014.??.??"]
[EventCountry "DEN"]

1. d4 d5 2. c4 dxc4 3. Nf3 Nf6 4. e3 e6 5. Bxc4 c5 6. O-O a6 7. Bd3 Nbd7 8. a4
b6 9. Qe2 Bb7 10. Nc3 Bd6 11. Rd1 O-O 12. Bc2 Qc7 13. h3 Rfe8 14. e4 cxd4 15.
Nxd4 Rad8 16. Kh1 Nf8 17. Bg5 Be5 18. Qe3 h6 19. Bh4 Ng6 20. Bg3 Bxg3 21. Qxg3
Qxg3 22. fxg3 Rd7 23. Rd2 Red8 24. Rad1 Kf8 25. Kg1 Ne5 26. b3 Ke7 27. Kf2 Rc8
28. Nde2 Rdc7 29. Ke3 Rxc3+ 30. Nxc3 Rxc3+ 31. Kd4 Rc5 32. b4 Nc6+ 0-1

[Event "Bronshoj Efteraarsturnering "]
[Site "Copenhagen"]
[Date "????.??.??"]
[Round "3"]
[White "Henrichsen, Jens"]
[Black "Aage, Bjarke Gadgaard"]
[Result "0-1"]
[WhiteElo "1982"]
[BlackElo "2054"]
[PlyCount "82"]
[EventDate "2014.??.??"]
[EventCountry "DEN"]

1. d4 Nf6 2. c4 e6 3. Nf3 b6 4. g3 Bb7 5. Bg2 Bb4+ 6. Bd2 a5 7. O-O O-O 8. Bg5
Be7 9. Nc3 Ne4 10. Nxe4 Bxe4 11. Bxe7 Qxe7 12. Ne1 Bxg2 13. Nxg2 f5 14. Qc2 e5
15. Ne3 exd4 16. Nxf5 Qc5 17. Qe4 Nc6 18. g4 Rae8 19. Qd5+ Qxd5 20. cxd5 Nb4
21. Nxd4 Rf4 22. e3 Rxg4+ 23. Kh1 Nxd5 24. Rad1 c6 25. Nf5 Re5 26. f3 Ra4 27.
e4 Rxf5 28. exf5 Ne3 29. a3 Nxf1 30. Rxf1 Rf4 31. Rd1 d5 32. Re1 Rxf5 33. Re6
Rf6 34. Re8+ Kf7 35. Rb8 c5 36. Rb7+ Kg6 37. Rd7 d4 38. Kg2 Kf5 39. Kf2 Rh6 40.
Kg3 Ke5 41. h4 Rd6 0-1

[Event "Bronshoj Efteraarsturnering "]
[Site "Copenhagen"]
[Date "????.??.??"]
[Round "2"]
[White "Andreassen, Mikkel"]
[Black "Jensen, Soren Holm"]
[Result "1/2-1/2"]
[WhiteElo "1937"]
[BlackElo "1974"]
[PlyCount "77"]
[EventDate "2014.??.??"]
[EventCountry "DEN"]

1. d4 d5 2. c4 e6 3. Nf3 Nf6 4. g3 dxc4 5. Bg2 Bd7 6. Ne5 Bc6 7. Nxc6 Nxc6 8.
O-O Qd7 9. e3 Rb8 10. Qe2 b5 11. b3 cxb3 12. axb3 Rb6 13. Bxc6 Qxc6 14. Rxa7
Ra6 15. Rxa6 Qxa6 16. Nc3 c6 17. d5 Bb4 18. Bb2 Bxc3 19. Bxc3 cxd5 20. Ra1 Qc6
21. Bb4 Nd7 22. Qb2 f6 23. Rc1 Qb7 24. Qc3 Kf7 25. Qc7 Rb8 26. Qd6 Rc8 27. Qe7+
Kg6 28. Rxc8 Qxc8 29. Qxe6 Qc1+ 30. Kg2 Ne5 31. Qxd5 Qc2 32. Bd6 Nd3 33. Qe4+
Kf7 34. Qe7+ Kg6 35. Qe8+ Kh6 36. Bf4+ g5 37. Qf8+ Kg6 38. Qg8+ Kh6 39. Qf8+
1/2-1/2

[Event "Bronshoj Efteraarsturnering "]
[Site "Copenhagen"]
[Date "????.??.??"]
[Round "5"]
[White "Andreassen, Mikkel"]
[Black "Tandrup, Michael"]
[Result "0-1"]
[WhiteElo "1937"]
[BlackElo "1974"]
[PlyCount "70"]
[EventDate "2014.??.??"]
[EventCountry "DEN"]

1. d4 Nf6 2. c4 g6 3. g3 c5 4. d5 d6 5. Nc3 Bg7 6. Bg2 O-O 7. Nf3 e6 8. O-O
exd5 9. cxd5 a6 10. a4 Re8 11. h3 Nbd7 12. Nd2 Rb8 13. Nc4 Ne5 14. Na3 Nh5 15.
Kh2 f5 16. f4 Nf7 17. Qd3 Nf6 18. Bd2 Bd7 19. Rfe1 b5 20. axb5 axb5 21. Naxb5
Bxb5 22. Nxb5 Ne4 23. Bxe4 Rxe4 24. Ba5 Qe7 25. Nc3 Re3 26. Qc2 Re8 27. Rad1 h5
28. Rd2 h4 29. Rg1 hxg3+ 30. Kg2 Qa7 31. Nd1 Qxa5 32. Nxe3 Rxe3 33. Rd3 Re4 34.
Kxg3 c4 35. Qd2 Qa7 0-1

[Event "Bronshoj Efteraarsturnering "]
[Site "Copenhagen"]
[Date "????.??.??"]
[Round "2"]
[White "Andersen, Rune Egede"]
[Black "Christensen, Esben"]
[Result "1-0"]
[WhiteElo "2107"]
[BlackElo "2076"]
[PlyCount "59"]
[EventDate "2014.??.??"]
[EventCountry "DEN"]

1. c4 Nf6 2. g3 g6 3. Bg2 Bg7 4. Nc3 O-O 5. Nf3 d6 6. O-O e5 7. b4 h6 8. Rb1 e4
9. Ne1 Re8 10. d3 Bf5 11. h3 d5 12. Nxd5 Nxd5 13. cxd5 Qxd5 14. Qa4 Bd7 15. Qc2
Nc6 16. dxe4 Qh5 17. g4 Qe5 18. Bb2 Qd6 19. Bxg7 Kxg7 20. Nd3 Nd4 21. Qb2 Kh7
22. e5 Nxe2+ 23. Qxe2 Qa6 24. Qd2 Bb5 25. Nc5 Qb6 26. Rfe1 Rad8 27. Qf4 Re7 28.
a4 Bc6 29. a5 Qb5 30. Bf1 1-0

[Event "Bronshoj Efteraarsturnering "]
[Site "Copenhagen"]
[Date "????.??.??"]
[Round "4"]
[White "Andersen, Rune Egede"]
[Black "Brondt, Nicolai Kvist"]
[Result "1-0"]
[WhiteElo "2107"]
[BlackElo "2217"]
[PlyCount "97"]
[EventDate "2014.??.??"]
[EventCountry "DEN"]

1. c4 c6 2. g3 d5 3. Bg2 Nf6 4. Nf3 Bf5 5. O-O e6 6. cxd5 exd5 7. d3 Be7 8. Nc3
O-O 9. Qb3 Qb6 10. Qc2 Bg6 11. Be3 Qa6 12. Ne5 Nbd7 13. Nxg6 hxg6 14. Bg5 d4
15. Nb1 Rfe8 16. Nd2 Rad8 17. Rfe1 Nf8 18. Nf3 Ne6 19. Bd2 Qb5 20. a4 Qc5 21.
Qb3 Qb6 22. Qc4 a5 23. Bh3 Nc5 24. Nxd4 Nxd3 25. Qxd3 Qxd4 26. Qxd4 Rxd4 27.
Bxa5 Ra8 28. e3 Rc4 29. b3 Rc2 30. Bb6 Nd5 31. Bd4 Nc3 32. Bf1 Bb4 33. Rac1
Rxc1 34. Rxc1 Nd5 35. Bc4 Rd8 36. Kg2 c5 37. Ba1 Nf6 38. Kf3 Rd2 39. Bc3 Bxc3
40. Rxc3 Rxf2+ 41. Kxf2 Ne4+ 42. Ke2 Nxc3+ 43. Kd3 Nd1 44. Bd5 b6 45. Bf3 Nf2+
46. Kc4 f5 47. Kb5 g5 48. Kxb6 g4 49. Bd5+ 1-0

[Event "Bronshoj Efteraarsturnering "]
[Site "Copenhagen"]
[Date "????.??.??"]
[Round "2"]
[White "Brondt, Nicolai Kvist"]
[Black "Henrichsen, Jens"]
[Result "1-0"]
[WhiteElo "2217"]
[BlackElo "1982"]
[PlyCount "57"]
[EventDate "2014.??.??"]
[EventCountry "DEN"]

1. d4 Nf6 2. c4 e6 3. Nf3 b6 4. g3 Ba6 5. Qc2 d5 6. Ne5 Nfd7 7. Nxd7 Nxd7 8.
cxd5 exd5 9. Bg2 Bb7 10. O-O Be7 11. Bf4 Rc8 12. Nc3 c6 13. e4 O-O 14. exd5
cxd5 15. Qa4 Nf6 16. Qxa7 Bc6 17. Qa6 Re8 18. Qd3 Ne4 19. Nxe4 dxe4 20. Bxe4
Bxe4 21. Qxe4 Bc5 22. Be5 f6 23. dxc5 Rxc5 24. Bxf6 gxf6 25. Qg4+ Kh8 26. Rad1
Rd5 27. b3 f5 28. Qf3 Re4 29. Qxf5 1-0

[Event "Bronshoj Efteraarsturnering "]
[Site "Copenhagen"]
[Date "????.??.??"]
[Round "5"]
[White "Brondt, Nicolai Kvist"]
[Black "Aage, Bjarke Gadgaard"]
[Result "1/2-1/2"]
[WhiteElo "2217"]
[BlackElo "2054"]
[PlyCount "158"]
[EventDate "2014.??.??"]
[EventCountry "DEN"]

1. d4 Nf6 2. Nf3 e6 3. c4 d5 4. Bg5 c6 5. e3 Nbd7 6. Nc3 Qa5 7. Nd2 dxc4 8.
Bxf6 Nxf6 9. Nxc4 Qc7 10. Be2 Bd6 11. Nxd6+ Qxd6 12. O-O e5 13. Qb3 O-O 14.
Rfd1 exd4 15. Rxd4 Qc7 16. Rad1 Be6 17. Bc4 Ng4 18. Rd6 Bxc4 19. Qxc4 Nf6 20.
Qc5 Rfe8 21. h3 h6 22. R1d4 Qb6 23. Qf5 Rad8 24. Na4 Qc7 25. Rxd8 Rxd8 26. Qf4
Qa5 27. Nc3 Qb6 28. Rb4 Qa6 29. Qc7 Rd7 30. Qc8+ Kh7 31. Ne4 Rd1+ 32. Kh2 Nxe4
33. Qf5+ Kg8 34. Rxe4 Rd8 35. Re7 Qxa2 36. Rxb7 a5 37. b3 Rf8 38. Qf4 Qb2 39.
f3 a4 40. Qxa4 Qe5+ 41. Qf4 Qxf4+ 42. exf4 c5 43. f5 Rc8 44. Rb6 c4 45. bxc4
Rxc4 46. Rb8+ Kh7 47. Rf8 f6 48. Kg3 h5 49. Re8 h4+ 50. Kf2 Kh6 51. Re4 Rc2+
52. Kg1 Rc1+ 53. Kh2 Kh5 54. Rg4 Rc7 55. Rg6 Re7 56. Rg4 Rc7 57. Kg1 Re7 58.
Kf2 Rc7 59. Ke3 Re7+ 60. Kd4 Rc7 61. Kd5 Re7 62. Kd6 Rb7 63. Ke6 Rc7 64. Rd4
Rc2 65. Kf7 Rxg2 66. Rg4 Rg3 67. Kxg7 Rxh3 68. Kxf6 Rxf3 69. Rg5+ Kh6 70. Rg4
Kh5 71. Rg5+ Kh6 72. Rg8 Kh5 73. Ke5 Rg3 74. Ra8 Kg5 75. Rg8+ Kh5 76. Rh8+ Kg5
77. Rg8+ Kh5 78. Rh8+ Kg5 79. Rg8+ Kh5 1/2-1/2

[Event "Bronshoj Efteraarsturnering "]
[Site "Copenhagen"]
[Date "????.??.??"]
[Round "1"]
[White "Aage, Bjarke Gadgaard"]
[Black "Andersen, Rune Egede"]
[Result "0-1"]
[WhiteElo "2054"]
[BlackElo "2107"]
[PlyCount "84"]
[EventDate "2014.??.??"]
[EventCountry "DEN"]

1. d4 d5 2. Nf3 Nf6 3. c4 dxc4 4. e3 e6 5. Bxc4 c5 6. Nc3 a6 7. a3 b5 8. Ba2
Bb7 9. dxc5 Qxd1+ 10. Kxd1 Bxc5 11. b4 Be7 12. Bb2 O-O 13. Ke2 Nbd7 14. Rhg1
Rfc8 15. Nd4 Bd6 16. f4 Bf8 17. g4 e5 18. Nf3 exf4 19. exf4 Bd6 20. g5 Nh5 21.
Rad1 Nxf4+ 22. Kf1 Bxf3 23. Rxd6 Ne5 24. Bd5 Bxd5 25. Nxd5 Nxd5 26. Rxd5 Nc4
27. Bc1 Rd8 28. Rxd8+ Rxd8 29. Ke2 Kf8 30. Rg4 Re8+ 31. Kf2 Ne5 32. Rd4 Rc8 33.
Bf4 Rc2+ 34. Ke3 Nc4+ 35. Kd3 Ra2 36. Rd7 Rxa3+ 37. Kd4 Ra1 38. Kc5 g6 39. Ra7
Rf1 40. Bd6+ Nxd6 41. Kxd6 Rf4 42. Rxa6 Rxb4 0-1